Joujou (Record no. 32554)

MARC details
000 -LEADER
campo de control de longitud fija 00481nam a2200169 i 4500
001 - NÚMERO DE CONTROL
campo de control 32554
003 - IDENTIFICADOR DE NÚMERO DE CONTROL
campo de control ES-MaACL
005 - FECHA Y HORA DE LA ÚLTIMA TRANSACCIÓN
campo de control 20250701063133.0
007 - CAMPO FIJO DE DESCRIPCIÓN FÍSICA--INFORMACIÓN GENERAL
campo de control de longitud fija t|
008 - DATOS DE LONGITUD FIJA--INFORMACIÓN GENERAL
campo de control de longitud fija 030131s1903 fr ||||1| fre d
100 1# - ENTRADA PRINCIPAL--NOMBRE DE PERSONA
Nombre de persona Bernstein, Henry,
Fechas asociadas al nombre 1876-1953
9 (RLIN) 28358
245 10 - MENCIÓN DEL TÍTULO
Título Joujou
Resto del título : comédie en trois actes /
Mención de responsabilidad, etc. Henry Bernstein.
260 ## - PUBLICACIÓN, DISTRIBUCIÓN, ETC.
Lugar de publicación, distribución, etc. Paris :
Nombre del editor, distribuidor, etc. [s.n.,
Fecha de publicación, distribución, etc. 1903] (
Fabricante L. Maretheux)
300 ## - DESCRIPCIÓN FÍSICA
Extensión 202 p. ;
Dimensiones 19 cm.
852 ## - LOCALIZACIÓN
Ubicación ES-MaACL
Número de control de estantería F-5646
Holdings
Estatus retirado Estado de pérdida Estado de daño No para préstamo Biblioteca de origen Biblioteca actual Ubicación en estantería Fecha de adquisición Fuente de adquisición Total de préstamos Signatura topográfica completa Código de barras Visto por última vez Precio de reemplazo Tipo de ítem Koha
        Biblioteca del Ateneo de Madrid Biblioteca del Ateneo de Madrid Depósito 2 17/01/2008     F-5646 1033741 23/02/2023 23/02/2023 Libro impreso